[Event "SRB-ch U14 Girls"]
[Site "Novi Sad"]
[Date "2018.04.08"]
[Round "9"]
[White "Micin, Mia"]
[Black "Stanisavljevic, Tijana"]
[Result "1-0"]
[WhiteElo "1581"]
[BlackElo "1463"]
[PlyCount "59"]
[EventDate "2018.04.02"]
[EventType "swiss"]
[EventRounds "9"]
[EventCountry "SRB"]
[SourceTitle "EXT 2019"]
[Source "ChessBase"]
[SourceDate "2018.10.10"]
[SourceVersion "1"]
[SourceVersionDate "2018.10.10"]
[SourceQuality "1"]

1. d4 c5 2. e3 e6 3. Nf3 Nf6 4. c3 d5 5. Bd3 Bd6 6. 0-0 Nc6 7. Nbd2 0-0 8. Qe2 e5 9. dxe5 Nxe5 10. Nxe5 Bxe5 11. e4 Re8 12. Qf3 Qc7 13. g3 Bg4 14. Qe3 d4 15. cxd4 cxd4 16. Qe1 Bh3 17. Nf3 Bxf1 18. Qxf1 Qb6 19. b3 Bc7 20. Bb2 Nxe4 21. Bxd4 Qc6 22. Bb5 Qd5 23. Bxe8 Rxe8 24. Rc1 Bb6 25. Bxb6 axb6 26. Qc4 Qxc4 27. Rxc4 Nd6 28. Rd4 Rd8 29. Nd2 h5 30. Ne4 1-0

[Event "SRB-ch U14 Girls"]
[Site "Novi Sad"]
[Date "2018.04.02"]
[Round "1"]
[White "Stanisavljevic, Tijana"]
[Black "Stankovic, Marija1111"]
[Result "0-1"]
[WhiteElo "1463"]
[BlackElo "1720"]
[PlyCount "98"]
[EventDate "2018.04.02"]
[EventType "swiss"]
[EventRounds "9"]
[EventCountry "SRB"]
[SourceTitle "EXT 2019"]
[Source "ChessBase"]
[SourceDate "2018.10.10"]
[SourceVersion "1"]
[SourceVersionDate "2018.10.10"]
[SourceQuality "1"]

1. d4 d5 2. Bf4 Nf6 3. e3 e6 4. Nd2 Be7 5. Bd3 0-0 6. h3 b6 7. Ngf3 Ba6 8. Bxa6 Nxa6 9. c3 c5 10. Qe2 Nb8 11. 0-0 a6 12. e4 dxe4 13. Nxe4 Nxe4 14. Qxe4 Nd7 15. Rad1 Nf6 16. Qe3 Nd5 17. Qe4 Nxf4 18. Qxf4 Bd6 19. Qe3 Qc7 20. Rfe1 Rfe8 21. Ne5 Rad8 22. Qf3 Bxe5 23. Rxe5 Rd7 24. Qe4 Red8 25. Rd3 cxd4 26. cxd4 Qc1+ 27. Kh2 Qxb2 28. d5 Qxa2 29. Qe2 Qxe2 30. Rxe2 Rxd5 31. Rg3 Rd2 32. Rxd2 Rxd2 33. Ra3 a5 34. Kg1 Rd1+ 35. Kh2 Rd4 36. Kg3 a4 37. Kf3 b5 38. Ke3 Rb4 39. Kd2 Kf8 40. Kc3 Rb3+ 41. Rxb3 axb3 42. Kxb3 Ke7 43. Kb4 Kd6 44. Kxb5 Kd5 45. Kb4 Kd4 46. Kb3 Kd3 47. Kb4 e5 48. f3 f5 49. Kc5 e4 0-1

[Event "Sombor Milicevic Memorial"]
[Site "Sombor"]
[Date "2017.11.29"]
[Round "8"]
[White "Popovic, Vojin"]
[Black "Stanisavljevic, Tijana"]
[Result "1-0"]
[WhiteElo "1540"]
[BlackElo "1417"]
[PlyCount "105"]
[EventDate "2017.11.13"]
[EventType "swiss"]
[EventRounds "9"]
[EventCountry "SRB"]
[SourceTitle "EXT 2019"]
[Source "ChessBase"]
[SourceDate "2018.10.10"]
[SourceVersion "1"]
[SourceVersionDate "2018.10.10"]
[SourceQuality "1"]

1. e4 e5 2. Nf3 Nc6 3. Bc4 Nf6 4. Ng5 d5 5. exd5 Nd4 6. d3 b5 7. Bb3 Nxb3 8. axb3 Qxd5 9. 0-0 h6 10. Nf3 Bd6 11. Nc3 Qc6 12. h3 0-0 13. Qe2 Bb7 14. Be3 a6 15. Rfd1 b4 16. Na2 Rfe8 17. Rac1 Nh5 18. Qd2 Qb5 19. Nh4 Nf4 20. c4 Qc6 21. Nf3 Nxh3+ 22. Kf1 Nf4 23. Bxf4 exf4 24. Nxb4 Bxb4 25. Qxb4 a5 26. Qc3 Qe6 27. Re1 Qb6 28. d4 Bxf3 29. gxf3 Rad8 30. d5 c6 31. dxc6 Qxc6 32. Ra1 Rxe1+ 33. Rxe1 Ra8 34. Ra1 Qb7 35. Kg2 Kh7 36. Rxa5 Rxa5 37. Qxa5 Qxb3 38. Qf5+ Kg8 39. Qxf4 Qxb2 40. Qe4 Qf6 41. f4 g5 42. fxg5 Qxg5+ 43. Kf3 Qf6+ 44. Kg3 Qg5+ 45. Qg4 Qxg4+ 46. Kxg4 Kf8 47. Kh5 Ke8 48. Kxh6 Kd7 49. Kg7 Kc6 50. Kxf7 Kc5 51. f4 Kd6 52. f5 Kd7 53. f6 1-0

[Event "Sombor Milicevic Memorial"]
[Site "Sombor"]
[Date "2017.11.20"]
[Round "4"]
[White "Kelic, Dusan"]
[Black "Stanisavljevic, Tijana"]
[Result "1-0"]
[WhiteElo "1643"]
[BlackElo "1417"]
[PlyCount "49"]
[EventDate "2017.11.13"]
[EventType "swiss"]
[EventRounds "9"]
[EventCountry "SRB"]
[SourceTitle "EXT 2019"]
[Source "ChessBase"]
[SourceDate "2018.10.10"]
[SourceVersion "1"]
[SourceVersionDate "2018.10.10"]
[SourceQuality "1"]

1. e4 e5 2. f4 d6 3. Nf3 Nc6 4. Bc4 Nf6 5. Nc3 Bg4 6. Bb5 Qd7 7. d3 0-0-0 8. h3 Be6 9. f5 Bxf5 10. exf5 Qxf5 11. 0-0 Qd7 12. Bg5 a6 13. Ba4 Be7 14. Ne4 Nd5 15. c4 Nf4 16. Bxe7 Qxe7 17. Bxc6 bxc6 18. Nf2 d5 19. Qa4 Rd6 20. Rfe1 Re6 21. Qxa6+ Kd7 22. cxd5 cxd5 23. Qb5+ Kd6 24. Rac1 c6 25. Qxc6# 1-0